000 00707nam a2200241Ia 4500
003 OSt
005 20220923214700.0
006 a|||||r|||| 00| 0
007 ta
008 220922b |||||||| |||| 00| 0 hin d
024 _a171,646
037 _cTextual
040 _aARTS
_cARTS
_bhin
041 _2hin
_ahin
082 _aO152,3N125,RK, K3
100 _aलाल, लक्ष्मीनारायण
245 0 _aरक्त कमल
246 _aRakta kamala
260 _c1963
650 _aहिन्दी साहित्य
_9156264
942 _hO152,3N125,RK, K3
_cTEXL
_2CC
999 _c325798
_d325798